000 00702nam a2200229Ia 4500
003 OSt
005 20220925204500.0
006 a|||||r|||| 00| 0
007 ta
008 220923b |||||||| |||| 00| 0 eng d
037 _cGeneral Book
040 _aRTL
_cRTL
_beng
041 _2eng
_aeng
082 _aU18:M95(D:28), M5
100 _aMATTHEWS (M C)and KENNIE (T J M) M.C and T.J. M
_9268663
245 0 _aRemote sensing in civil engineering
260 _aGlasgow
_bSurrey University Press
_c1985
300 _a357p
_ccm.
650 _aGEOGRAPHY
942 _hU18:M95(D:28), M5
_cGB
_2CC
999 _c549550
_d549550